[Event "Ann Arbor (HVA/4/14)"]
[Site "?"]
[Date "1992.??.??"]
[Round "?"]
[White "Mansour, K."]
[Black "Waugh, D."]
[Result "0-1"]
[WhiteElo "1605"]
[BlackElo "1605"]
[PlyCount "110"]
[EventDate "1992.??.??"]

{4/(14)} 1. e4 e5 2. Bc4 Nf6 3. d3 Nc6 4. Nf3 Bc5 5. O-O d5 6. Bb5 Bg4 7. Bxc6+
bxc6 8. Qe2 Qe7 9. Bg5 h6 10. Bh4 g5 11. Bg3 Nh5 12. h3 Nxg3 13. Qd1 Bxf3 14.
Qxf3 Nxf1 15. Kxf1 Qe6 16. Nc3 d4 17. Ne2 Rf8 18. Ng3 Qg6 19. a3 Rb8 20. b4 Bd6
21. Nf5 c5 22. Kg1 h5 23. Nxd6+ cxd6 24. bxc5 dxc5 25. Rc1 g4 26. Qg3 Qg5 27.
Rd1 h4 28. Qxg4 Qxg4 29. hxg4 Rb2 30. f3 Rxc2 31. Rb1 Rc3 32. Rb8+ Ke7 33. Rb7+
Kf6 34. Rxa7 Rxd3 35. Ra6+ Kg5 36. a4 h3 37. Rc6 hxg2 38. Kxg2 Rc3 39. a5 d3
40. Rd6 Rc2+ 41. Kg3 d2 42. Rd5 f6 43. a6 Ra8 44. f4+ Kg6 45. Kh4 Rh8+ 46. Kg3
exf4+ 47. Kxf4 Ra8 48. Ke3 Rxa6 49. Rd8 Ra8 50. Rd6 Ra3+ 51. Ke2 d1=Q+ 52. Kxd1
Rg2 53. Ke1 Ra1+ 54. Rd1 Rxd1+ 55. Kxd1 Rxg4 0-1

[Event "Ann Arbor (HVA/2/12)"]
[Site "?"]
[Date "1992.??.??"]
[Round "?"]
[White "Mansour, K."]
[Black "Pavlovich, J."]
[Result "0-1"]
[WhiteElo "1605"]
[BlackElo "1680"]
[PlyCount "60"]
[EventDate "1992.??.??"]

{2/(12)} 1. e4 c5 2. Nf3 a6 3. d4 cxd4 4. Nxd4 e5 5. Nf3 Nf6 6. Bg5 Be7 7. Nc3
Nc6 8. Bd3 b5 9. O-O O-O 10. Nh4 h6 11. Bxf6 Bxf6 12. Nf5 d6 13. Qg4 Bg5 14. h4
Bxf5 15. exf5 Bxh4 16. Nd5 Bg5 17. Rae1 Ne7 18. Be4 Nxd5 19. Bxd5 Rc8 20. c3
Rc5 21. Bb3 a5 22. Re4 a4 23. Bc2 a3 24. bxa3 Rxc3 25. Bb3 Bf4 26. Rb4 Qb6 27.
a4 Qc5 28. Rxb5 Qb4 29. f6 Bh2+ 30. Kxh2 Qxg4 0-1

[Event "Flint (Class C/3)"]
[Site "?"]
[Date "1992.??.??"]
[Round "?"]
[White "Mannor, Keith"]
[Black "Rubel, J."]
[Result "1/2-1/2"]
[WhiteElo "1605"]
[BlackElo "1605"]
[PlyCount "43"]
[EventDate "1992.??.??"]

1. e4 d6 2. Nc3 Nf6 3. Bc4 g6 4. d3 Bg7 5. Nge2 O-O 6. Bg5 c6 7. Qd2 b5 8. Bb3
Qb6 9. a3 Re8 10. d4 Nbd7 11. O-O-O a5 12. f3 a4 13. Ba2 b4 14. axb4 Qxb4 15.
Kb1 Nb6 16. Qf4 a3 17. b3 Ba6 18. Bh6 Bxe2 19. Nxe2 Na4 20. Bxg7 Kxg7 21. Rd3
Rab8 22. Rhd1 1/2-1/2

[Event "Flint (Class C/2)"]
[Site "?"]
[Date "1992.??.??"]
[Round "?"]
[White "Mannor, Keith"]
[Black "Maul, Tim"]
[Result "1/2-1/2"]
[WhiteElo "1605"]
[BlackElo "1605"]
[PlyCount "105"]
[EventDate "1992.??.??"]

1. e4 c5 2. Bc4 Nc6 3. d3 d6 4. h3 Nf6 5. Nf3 e6 6. Bg5 Be7 7. O-O d5 8. exd5
Nxd5 9. Bxe7 Ncxe7 10. Bxd5 Nxd5 11. c4 Nf6 12. Nc3 O-O 13. Re1 Bd7 14. Ne4 Bc6
15. Nxc5 b6 16. Ne4 Nxe4 17. dxe4 Qxd1 18. Raxd1 Rfd8 19. Nd4 Bb7 20. f3 Rd7
21. Nb5 Rad8 22. Rxd7 Rxd7 23. Nxa7 Bxe4 24. Rxe4 Rxa7 25. Rd4 Kf8 26. a3 Ke7
27. Kf2 e5 28. Rd3 Ra4 29. Rc3 Kd6 30. b4 f5 31. Ke3 g5 32. g3 Ra8 33. f4 gxf4+
34. gxf4 e4 35. Kd4 Ra4 36. Ke3 Ke6 37. Kd4 Kd6 38. Ke3 Ke6 39. c5 bxc5 40.
bxc5 Kd5 41. c6 Ra8 42. c7 Rc8 43. a4 Kd6 44. a5 Rxc7 45. Rb3 Ra7 46. Rb5 Ke6
47. Kd4 Rd7+ 48. Ke3 Rd5 49. Rb6+ Rd6 50. Rb7 h6 51. Rb5 Rd5 52. Rb6+ Rd6 53.
Rb5 1/2-1/2

[Event "Flint (Class C/4)"]
[Site "?"]
[Date "1992.??.??"]
[Round "?"]
[White "Mannor, Eric"]
[Black "Smeckert, Dennis"]
[Result "1-0"]
[WhiteElo "1605"]
[BlackElo "1605"]
[PlyCount "111"]
[EventDate "1992.??.??"]

1. e4 e5 2. Nf3 Nc6 3. Bb5 f5 4. d3 fxe4 5. dxe4 Nf6 6. Qe2 Qe7 7. O-O d6 8. h3
Bd7 9. Nc3 a6 10. Ba4 h6 11. Nh4 Rh7 12. Nf5 Bxf5 13. exf5 b5 14. Bb3 Nd4 15.
Qd3 Nxb3 16. axb3 c6 17. Re1 d5 18. f3 Nd7 19. Bf4 Qf6 20. Nxd5 cxd5 21. Qxd5
O-O-O 22. Qa8+ Kc7 23. Qa7+ Kc8 24. Be3 g5 25. fxg6 Qxg6 26. Rxa6 Nb6 27. Qxb6
Qxb6 28. Rxb6 Rd5 29. Kf1 h5 30. Ra1 Bd6 31. Ra8+ Kd7 32. Ra7+ Bc7 33. Rba6 Kc8
34. Ke2 Rdd7 35. c4 Bb8 36. Rxd7 Rxd7 37. cxb5 Rd5 38. b6 Kb7 39. Ra4 Rb5 40.
g4 hxg4 41. hxg4 Rxb3 42. Ra2 Kc6 43. g5 e4 44. fxe4 Be5 45. g6 Bxb2 46. Kf3
Bd4 47. Re2 Bg7 48. Kg4 Kd6 49. Bf4+ Ke6 50. Bc7 Kf6 51. e5+ Kxg6 52. e6 Rb4+
53. Kf3 Kf5 54. e7 Rb3+ 55. Re3 Rb1 56. e8=Q 1-0

[Event "Flint (Class C/2)"]
[Site "?"]
[Date "1992.??.??"]
[Round "?"]
[White "Mannor, Eric"]
[Black "Robinson, Erik"]
[Result "1-0"]
[WhiteElo "1605"]
[BlackElo "1605"]
[PlyCount "89"]
[EventDate "1992.??.??"]

1. e4 Nf6 2. Nc3 d6 3. Bc4 e5 4. h3 Be7 5. d3 O-O 6. Nf3 Nbd7 7. Bg5 Nb6 8. Bb3
Bd7 9. Qd2 c5 10. Ne2 Rc8 11. c4 Kh8 12. Bc2 Be6 13. a3 Qd7 14. b4 Rce8 15. b5
Nc8 16. a4 a6 17. bxa6 bxa6 18. a5 Qa7 19. Rb1 Ng8 20. Ba4 Bd7 21. Bxd7 Qxd7
22. Nc3 f6 23. Be3 f5 24. exf5 Qxf5 25. O-O Bd8 26. Nd5 e4 27. dxe4 Rxe4 28.
Qc3 Nce7 29. Nxe7 Bxe7 30. Rfd1 Qe6 31. Nd2 Re5 32. Rb6 Bg5 33. Nf3 Rxf3 34.
Rdxd6 Qe7 35. gxf3 Bf6 36. Qd2 Bg5 37. Bxg5 Rxg5+ 38. Kf1 Rh5 39. Re6 Qh4 40.
Qc3 Qd8 41. Rbd6 Qf8 42. Rd7 Rf5 43. Re3 Nf6 44. Ree7 Ne8 45. Rxe8 1-0

[Event "Detroit (Pan Am/2)"]
[Site "?"]
[Date "1992.??.??"]
[Round "?"]
[White "Mankiewicz, Ryan"]
[Black "Moore, Deane"]
[Result "1-0"]
[WhiteElo "1605"]
[BlackElo "1605"]
[PlyCount "97"]
[EventDate "1992.??.??"]

1. e4 e5 2. Nf3 d6 3. Bc4 h6 4. h3 a6 5. O-O Nf6 6. Re1 Nc6 7. d3 Be7 8. Nc3
Nd4 9. Nxd4 exd4 10. Ne2 c5 11. Ng3 O-O 12. Nh5 Nxh5 13. Qxh5 Bg5 14. Bxg5 Qxg5
15. Qxg5 hxg5 16. e5 Rd8 17. exd6 b5 18. Bd5 Ra7 19. Re7 Rad7 20. Bxf7+ Kf8 21.
Rxd7 Bxd7 22. Bg6 Bc6 23. Be4 Bxe4 24. dxe4 Rxd6 25. Rd1 Ke7 26. f3 c4 27. Kf2
Ke6 28. Kg3 d3 29. cxd3 Ke5 30. Kf2 Rxd3 31. Rxd3 cxd3 32. Ke3 d2 33. Kxd2 Kd4
34. Kc2 a5 35. Kb3 g6 36. a4 b4 37. e5 Kxe5 38. Kc4 Kf4 39. Kb5 Kg3 40. Kxa5
Kxg2 41. Kxb4 Kxf3 42. a5 Kg3 43. a6 Kxh3 44. a7 g4 45. a8=Q g3 46. Qh1+ Kg4
47. Kc4 Kf4 48. Qg2 g5 49. b4 1-0

[Event "Detroit (Pan Am/6)"]
[Site "?"]
[Date "1992.??.??"]
[Round "?"]
[White "Mankiewicz, Ryan"]
[Black "Jointer, William"]
[Result "0-1"]
[WhiteElo "1605"]
[BlackElo "1700"]
[PlyCount "66"]
[EventDate "1992.??.??"]

1. e4 c5 2. Nf3 g6 3. Bc4 Bg7 4. O-O Nc6 5. c3 Nf6 6. Re1 d6 7. h3 O-O 8. d4
cxd4 9. cxd4 Na5 10. Bb3 Qb6 11. Bc2 Bd7 12. b3 Rac8 13. Bb2 Rc7 14. Nbd2 Rfc8
15. Rc1 a6 16. Nf1 Nc4 17. bxc4 Qxb2 18. Bb3 b5 19. Rb1 Qa3 20. Re3 Bh6 21. Rd3
Nxe4 22. c5 Qa5 23. cxd6 Nxd6 24. Ne5 Bf5 25. Qf3 e6 26. Qg3 Bxd3 27. Nxd3 Nf5
28. Qg4 Qc3 29. Nc5 Qxd4 30. Qxd4 Nxd4 31. Nxa6 Rc1 32. Rxc1 Rxc1 33. g3 Nxb3
0-1

[Event "Detroit (Pan Am/4)"]
[Site "?"]
[Date "1992.??.??"]
[Round "?"]
[White "Mankiewicz, Ryan"]
[Black "DeJongh, John"]
[Result "1/2-1/2"]
[WhiteElo "1605"]
[BlackElo "1620"]
[PlyCount "80"]
[EventDate "1992.??.??"]

1. e4 e6 2. d4 d5 3. e5 c5 4. c3 Nc6 5. Bb5 Nge7 6. Nf3 a6 7. Bxc6+ Nxc6 8. O-O
Qb6 9. Qb3 Qxb3 10. axb3 cxd4 11. cxd4 Bd7 12. Nc3 Be7 13. Be3 O-O 14. Rfc1 h6
15. Bd2 f6 16. Na4 Rab8 17. Nc5 Bxc5 18. Rxc5 fxe5 19. dxe5 b6 20. Rcc1 a5 21.
Bc3 Be8 22. Re1 Bh5 23. Nd4 Nxd4 24. Bxd4 Rf4 25. Bc3 Bg6 26. Rac1 Rbf8 27. f3
R4f7 28. Bd4 Rb7 29. Rc6 Bf7 30. Rxb6 Rfb8 31. Rxb7 Rxb7 32. Re3 Rb4 33. Bc5
Rb5 34. Rc3 Be8 35. Kf2 a4 36. b4 Rb7 37. g4 Bb5 38. h4 Bc4 39. Ke3 Rd7 40. Kd4
Rf7 1/2-1/2

[Event "Detroit (MI Op/2/48)"]
[Site "?"]
[Date "1992.??.??"]
[Round "?"]
[White "Manion, Tom"]
[Black "Weaver, D."]
[Result "1-0"]
[WhiteElo "1875"]
[BlackElo "1605"]
[PlyCount "39"]
[EventDate "1992.??.??"]

{2/(48)} 1. e4 Nf6 2. e5 Nd5 3. c4 Nb6 4. c5 Nd5 5. Bc4 c6 6. Nc3 e6 7. Ne4 g6
8. d4 Bg7 9. Bg5 Qa5+ 10. Bd2 Qd8 11. Nd6+ Kf8 12. Nh3 h6 13. Qf3 f6 14. Bxd5
cxd5 15. Nf4 g5 16. Ng6+ Kg8 17. Nxc8 Rh7 18. Nce7+ Kf7 19. h4 Bf8 20. Qxf6+
1-0

[Event "Detroit (MI Op/4/40)"]
[Site "?"]
[Date "1992.??.??"]
[Round "?"]
[White "Manion, Tom"]
[Black "Thomas, Henry"]
[Result "0-1"]
[WhiteElo "1875"]
[BlackElo "1765"]
[PlyCount "129"]
[EventDate "1992.??.??"]

{4/(40)} 1. e4 e5 2. Nf3 Nf6 3. Nxe5 d6 4. Nxf7 Kxf7 5. d4 Be7 6. Bc4+ d5 7.
exd5 Bd6 8. O-O Re8 9. Be2 Kg8 10. Bg5 h6 11. Bh4 Bf5 12. Nd2 g5 13. Bg3 Ne4
14. c4 Bg6 15. Nxe4 Bxe4 16. Bg4 Bxg3 17. hxg3 Nd7 18. Be6+ Kg7 19. Qg4 Nf6 20.
Qd1 c6 21. f3 Bg6 22. Qb3 b6 23. f4 cxd5 24. cxd5 g4 25. f5 Bf7 26. Rf4 Qd6 27.
Rc1 h5 28. Rc6 Qf8 29. d6 Red8 30. Bxf7 Qxf7 31. Rc7 Rd7 32. Rxd7 Qxd7 33. Qe6
Re8 34. Qxd7+ Nxd7 35. d5 Re5 36. Rc4 Rxd5 37. Rc7 Rxd6 38. Rxa7 Kf6 39. b4 Ne5
40. a4 Nc6 41. Rh7 Kg5 42. b5 Nd4 43. Rg7+ Kxf5 44. Rh7 Kg6 45. Rb7 Nb3 46. Rc7
Re6 47. Kf2 Nd4 48. Rd7 Nf5 49. Rb7 Kf6 50. Rb8 Ke5 51. Rh8 Rh6 52. Ra8 Kd5 53.
a5 bxa5 54. Rxa5 Rb6 55. Ke2 Kc5 56. Kd3 Nxg3 57. Ke3 Rf6 58. Ra6 Rf8 59. b6
Kb5 60. Ra2 Kxb6 61. Rc2 Nf5+ 62. Ke4 g3 63. Rc3 h4 64. Ke5 h3 65. Rc2 0-1

[Event "Detroit (MI Op/6/35)"]
[Site "?"]
[Date "1992.??.??"]
[Round "?"]
[White "Manion, Tom"]
[Black "Lang, Brad"]
[Result "1-0"]
[WhiteElo "1875"]
[BlackElo "1765"]
[PlyCount "181"]
[EventDate "1992.??.??"]

{6/(35)} 1. e4 d6 2. d4 Nf6 3. Nc3 g6 4. Nf3 Bg7 5. Bc4 O-O 6. Qe2 Nfd7 7. O-O
Nc6 8. Be3 Nb6 9. Bb3 Bg4 10. Rad1 Bxf3 11. Qxf3 Na5 12. Ne2 Nxb3 13. axb3 c6
14. Qg3 Nd7 15. c4 Qe8 16. f4 f5 17. Nc3 Nf6 18. e5 Nd7 19. Qh3 Nb6 20. g4 Qf7
21. Kh1 d5 22. c5 Nd7 23. g5 Qe8 24. Bd2 e6 25. Ne2 Nb8 26. Ra1 Na6 27. Ba5 Qd7
28. Qf3 Nc7 29. Bxc7 Qxc7 30. h4 Kf7 31. h5 Rh8 32. h6 Bf8 33. Qc3 a6 34. b4
Be7 35. Ra2 Rab8 36. Rfa1 Rhc8 37. Qc2 Qd8 38. Nc3 Qc7 39. Na4 Re8 40. Nb6 Bd8
41. b3 Qe7 42. Na4 Qd7 43. Qe2 Rf8 44. Nc3 Re8 45. Kg2 Rf8 46. Nd1 Rg8 47. Ne3
Re8 48. Nf1 Rg8 49. Ng3 Re8 50. Rh1 Bc7 51. Kf2 Re7 52. Ke3 Ree8 53. Nh5 Bd8
54. Kd3 Rh8 55. Nf6 Bxf6 56. exf6 Rhe8 57. Re1 Rbd8 58. Qe5 Rc8 59. Kc3 Rcd8
60. Qe3 Rc8 61. Qc1 Qc7 62. Re5 Rcd8 63. Qa3 Rb8 64. Qa5 Qd7 65. Re1 Rec8 66.
Rc1 Rc7 67. Qb6 Rbc8 68. Kb2 Rb8 69. Ka3 Rbc8 70. Ka4 Ra8 71. Ka5 Rcc8 72. Ra4
Rcb8 73. Raa1 Rc8 74. b5 Rcb8 75. Kb4 Qc8 76. Ra5 axb5 77. Rca1 Rxa5 78. Rxa5
Qd7 79. Ra7 Qc8 80. Qa5 Kf8 81. Qa1 e5 82. dxe5 Kf7 83. Qe1 Ke6 84. Kc3 Qc7 85.
Kd4 Re8 86. Qa1 Rb8 87. Ra8 b6 88. Qa7 bxc5+ 89. Kxc5 Rc8 90. Qxc7 Rxc7 91. Kb6
1-0

[Event "Detroit (MOR/1b/53)"]
[Site "?"]
[Date "1992.??.??"]
[Round "?"]
[White "Malone, Jamal"]
[Black "Vaka, Flamur"]
[Result "1-0"]
[WhiteElo "1605"]
[BlackElo "1605"]
[PlyCount "66"]
[EventDate "1992.??.??"]

1. e4 c6 2. d4 d5 3. Nc3 dxe4 4. Nxe4 Bf5 5. Ng3 Bg6 6. Nf3 e6 7. Bd3 Nd7 8.
Ng5 Be7 9. Bxg6 hxg6 10. N3e4 Qc7 11. Qf3 Ngf6 12. Bf4 Qb6 13. O-O-O a5 14. Bd6
a4 15. Bxe7 Kxe7 16. Qa3+ Kd8 17. Nxf7+ Kc7 18. Qd6+ Kc8 19. Nxf6 Nxf6 20. Nxh8
Qd8 21. Qxd8+ Kxd8 22. Nxg6 Nd5 23. Rhe1 Kd7 24. h4 a3 25. bxa3 Rxa3 26. Kb2
Ra5 27. Rd3 Nb6 28. g4 Nc4+ 29. Ka1 b5 30. Rb1 Na3 31. Rxa3 Rxa3 32. Rh1 Rf3
33. Ne5+ Kd6 1-0

[Event "Detroit (MI Op/6/12)"]
[Site "?"]
[Date "1992.??.??"]
[Round "?"]
[White "Mailing, Ian"]
[Black "Mazuchowski, Tom"]
[Result "1/2-1/2"]
[WhiteElo "1660"]
[BlackElo "2140"]
[PlyCount "110"]
[EventDate "1992.??.??"]

{6/(12)} 1. d4 Nf6 2. c4 g6 3. Nc3 Bg7 4. e4 d6 5. f3 O-O 6. Be3 Nbd7 7. Bd3 a6
8. Qd2 c5 9. d5 Ne5 10. Nge2 b5 11. cxb5 Qa5 12. f4 Nxd3+ 13. Qxd3 axb5 14. Bd2
b4 15. Nd1 Ba6 16. Qf3 Qb5 17. Nf2 Qxe2+ 18. Qxe2 Bxe2 19. Kxe2 Nd7 20. Nd3 Nb6
21. a3 bxa3 22. Rxa3 Rxa3 23. bxa3 Nc4 24. Rb1 Nxa3 25. Rb7 Re8 26. Kf3 Nc2 27.
Rc7 Nd4+ 28. Kg3 Rb8 29. Kf2 Kf8 30. e5 Ke8 31. Be3 Nb5 32. Rc6 Kd7 33. Ra6 Nc7
34. Ra7 Ra8 35. Rxa8 Nxa8 36. Kf3 Nc7 37. Ke4 Nb5 38. Bd2 f5+ 39. exf6 Bxf6 40.
g4 Bc3 41. Bc1 c4 42. Nb2 Bxb2 43. Bxb2 c3 44. Bc1 e6 45. dxe6+ Kxe6 46. f5+
gxf5+ 47. gxf5+ Kf6 48. h4 h5 49. Bg5+ Kf7 50. Kd5 c2 51. Kc4 Nc7 52. Kd3 Ne8
53. Kxc2 Ng7 54. Kd3 Nxf5 55. Ke4 Ke6 1/2-1/2

[Event "Detroit (MI Op/3/19)"]
[Site "?"]
[Date "1992.??.??"]
[Round "?"]
[White "Mailing, Ian"]
[Black "Lehotzky, Attila"]
[Result "1-0"]
[WhiteElo "1660"]
[BlackElo "2060"]
[PlyCount "101"]
[EventDate "1992.??.??"]

{3/(19)} 1. d4 Nf6 2. c4 e6 3. Nf3 Bb4+ 4. Bd2 Bxd2+ 5. Qxd2 d5 6. Nc3 O-O 7.
e3 b6 8. Be2 Bb7 9. cxd5 Nxd5 10. O-O Nxc3 11. Qxc3 Nd7 12. Rfd1 Rc8 13. Rac1
Nf6 14. Ne5 Ne4 15. Qa3 a5 16. Nc6 Bxc6 17. Rxc6 Nf6 18. Bf3 Re8 19. Rdc1 Re7
20. Qc3 Nd5 21. Bxd5 Qxd5 22. Rxb6 Qxa2 23. Ra6 Qd5 24. Rxa5 Qd6 25. Qc5 Qxc5
26. Raxc5 g6 27. Kf1 Rb8 28. R1c2 Rb6 29. Ke2 Kf8 30. Kd2 Ke8 31. Rxc7 Rxc7 32.
Rxc7 Rxb2+ 33. Rc2 Rb5 34. Kd3 Rh5 35. h3 Rg5 36. g3 Ra5 37. Ke4 Kd7 38. Rc5
Ra2 39. f3 Rg2 40. Kf4 g5+ 41. Rxg5 Kd6 42. Rh5 f6 43. Rh6 f5 44. Rxh7 Ra2 45.
h4 Ra4 46. Rh6 Ra7 47. g4 fxg4 48. fxg4 Rf7+ 49. Ke4 Re7 50. g5 Kd7 51. Ke5 1-0

[Event "Detroit (MI Op/7/11)"]
[Site "?"]
[Date "1992.??.??"]
[Round "?"]
[White "Mailing, Ian"]
[Black "Jirjis, Faris"]
[Result "0-1"]
[WhiteElo "1660"]
[BlackElo "2090"]
[PlyCount "114"]
[EventDate "1992.??.??"]

{7/(11)} 1. d4 d5 2. c4 e6 3. Nc3 c5 4. cxd5 exd5 5. Bf4 Nf6 6. e3 Nc6 7. Nf3
cxd4 8. Nxd4 a6 9. Be2 Be7 10. O-O O-O 11. Bf3 Be6 12. Rc1 Rc8 13. Nxe6 fxe6
14. Qe2 Qa5 15. Rfd1 Rfd8 16. Bg4 Kf7 17. Bg5 Ne5 18. Bh5+ g6 19. Bf3 Rd7 20.
Rd4 b5 21. Rcd1 b4 22. Nb1 Qxa2 23. Bxf6 Kxf6 24. e4 Bc5 25. R4d2 d4 26. b3
Qxb3 27. Qxa6 Rcd8 28. Be2 d3 29. Bf3 Ra7 30. Qb5 Bd4 31. Rc1 Nxf3+ 32. gxf3
Ra1 33. Rdd1 Qb2 34. Rf1 Bxf2+ 35. Kh1 Qe2 36. e5+ Kg5 37. Qc6 Ra6 38. Qb7 Ra7
39. f4+ Kh6 40. Qg2 Bh4 41. Qh3 Qh5 42. Rcd1 d2 43. Rxd2 Rxd2 44. Nxd2 Ra3 45.
Nb3 Ra2 46. Nd4 Rf2 47. Nxe6 Rxf1+ 48. Qxf1 Bg3 49. h3 Qf5 50. Kg2 Bh4 51. Qc4
Qb1 52. Kf3 Qd1+ 53. Ke3 Be1 54. Qd3 Bf2+ 55. Ke4 Qh1+ 56. Qf3 Qxf3+ 57. Kxf3
b3 0-1

[Event "Detroit (MI Action/4)"]
[Site "?"]
[Date "1992.??.??"]
[Round "?"]
[White "Mailing, Ian"]
[Black "Helle, Frank"]
[Result "1-0"]
[WhiteElo "1765"]
[BlackElo "2120"]
[PlyCount "45"]
[EventDate "1992.??.??"]

1. e4 c5 2. d4 cxd4 3. c3 Nf6 4. e5 Nd5 5. cxd4 e6 6. Nf3 Nc6 7. a3 d6 8. Bd3
dxe5 9. dxe5 Be7 10. O-O Qc7 11. Qe2 O-O 12. Qe4 g6 13. Bh6 Rd8 14. Nbd2 Bf8
15. Bxf8 Rxf8 16. Rac1 Nb6 17. Qh4 h5 18. Ne4 Nd5 19. Qg5 Kg7 20. Nf6 Nxf6 21.
exf6+ Kh7 22. Qxh5+ Kg8 23. Qh6 1-0

[Event "Detroit (MI Action/1)"]
[Site "?"]
[Date "1992.??.??"]
[Round "?"]
[White "Mailing, Ian"]
[Black "Berry, M."]
[Result "1-0"]
[WhiteElo "1765"]
[BlackElo "1605"]
[PlyCount "39"]
[EventDate "1992.??.??"]

1. e4 d5 2. exd5 Qxd5 3. Nc3 Qa5 4. d4 e5 5. Nf3 Nc6 6. d5 Bb4 7. dxc6 Bxc3+ 8.
bxc3 Qxc3+ 9. Bd2 Qa3 10. Bb5 Qb2 11. cxb7+ Qxb5 12. bxa8=Q Qd7 13. Bg5 Ne7 14.
Qxd7+ Kxd7 15. O-O-O+ Ke6 16. Qe4 f6 17. Qc4+ Kf5 18. g4+ Kg6 19. Be3 c6 20.
Nh4# 1-0

[Event "Detroit (MI Action/6)"]
[Site "?"]
[Date "1992.??.??"]
[Round "?"]
[White "Mailing, Ian"]
[Black "Aldrich, Jeff"]
[Result "0-1"]
[WhiteElo "1765"]
[BlackElo "1945"]
[PlyCount "50"]
[EventDate "1992.??.??"]

1. e4 c6 2. d4 d5 3. Nc3 dxe4 4. Nxe4 Nd7 5. Nf3 Ngf6 6. Ng3 e6 7. Bd3 c5 8. c3
Be7 9. Bf4 O-O 10. h4 Nd5 11. Bg5 f6 12. Qc2 h6 13. Bd2 cxd4 14. Qc1 Bd6 15.
cxd4 b6 16. Nh5 Qe7 17. Nxg7 Qxg7 18. Bxh6 Bb4+ 19. Kf1 Qf7 20. Rh3 Bd6 21. Qc6
Nb4 22. Qxd6 Nxd3 23. Rg3+ Kh8 24. Bxf8 Nxf8 25. Qa3 a5 0-1

[Event "Detroit (MI Op/2/29)"]
[Site "?"]
[Date "1992.??.??"]
[Round "?"]
[White "Mailing, Ian"]
[Black "Accad, W."]
[Result "1-0"]
[WhiteElo "1660"]
[BlackElo "1985"]
[PlyCount "71"]
[EventDate "1992.??.??"]

{2/(29)} 1. d4 Nf6 2. c4 e5 3. dxe5 Ng4 4. Nf3 Nc6 5. Nc3 Bc5 6. Ne4 Bb4+ 7.
Bd2 Bxd2+ 8. Qxd2 Ngxe5 9. Nxe5 Nxe5 10. Qc3 d6 11. f4 Qh4+ 12. g3 Qe7 13. fxe5
dxe5 14. Bg2 O-O 15. O-O-O f5 16. Nf2 c6 17. Nd3 e4 18. Nf4 g5 19. Nh3 Be6 20.
e3 h6 21. Ng1 b5 22. c5 Bd5 23. h4 b4 24. Qxb4 Rab8 25. Qa3 Rb5 26. Ne2 Rfb8
27. Rd2 Rxc5+ 28. Kb1 Rbb5 29. b3 Qb7 30. Nd4 Rb4 31. hxg5 Rc3 32. Ka1 Rxe3 33.
Nxf5 Rexb3 34. axb3 Bxb3 35. Rd8+ Kf7 36. Nd6+ 1-0

[Event "Detroit (MI Action/4)"]
[Site "?"]
[Date "1992.??.??"]
[Round "?"]
[White "Mailing, Don"]
[Black "Walls, R."]
[Result "0-1"]
[WhiteElo "1610"]
[BlackElo "1605"]
[PlyCount "58"]
[EventDate "1992.??.??"]

1. d4 Nf6 2. c4 e6 3. Nc3 d5 4. c5 Nc6 5. Nf3 Be7 6. Bf4 a6 7. e3 O-O 8. Bd3 h6
9. O-O b6 10. cxb6 cxb6 11. a3 Bb7 12. h3 Rc8 13. Rc1 Na5 14. Ne5 Nd7 15. Na2
Nxe5 16. Bxe5 Nc6 17. Bf4 Bd6 18. Qg4 Bxf4 19. Qxf4 Re8 20. b4 b5 21. Qg3 Qd7
22. Nc3 e5 23. dxe5 Nxe5 24. Rfd1 Qe6 25. Be2 Red8 26. f4 Nc4 27. Bxc4 dxc4 28.
Qh4 Qxe3+ 29. Kh2 Rd3 0-1

[Event "Detroit (MOR/5/99)"]
[Site "?"]
[Date "1992.??.??"]
[Round "?"]
[White "Mailing, Don"]
[Black "Shields, S."]
[Result "1-0"]
[WhiteElo "1605"]
[BlackElo "1605"]
[PlyCount "89"]
[EventDate "1992.??.??"]

{5/(99)} 1. d4 d5 2. c4 g6 3. Nc3 Bg7 4. Nf3 Nf6 5. Bg5 O-O 6. e3 Re8 7. h3 c6
8. Bd3 Nbd7 9. O-O Nf8 10. cxd5 cxd5 11. Qb3 h6 12. Bxf6 Bxf6 13. Nxd5 Bg7 14.
Rfc1 Ne6 15. Rc2 b6 16. e4 Bb7 17. Bb5 Rf8 18. Ne5 Nxd4 19. Nc6 Nxb3 20. Nxd8
Rfxd8 21. axb3 Bxd5 22. exd5 Rxd5 23. Bc6 Rad8 24. Bxd5 Rxd5 25. Rxa7 Rd1+ 26.
Kh2 Be5+ 27. g3 Bd4 28. Kg2 Kg7 29. Rxe7 Bc5 30. Rb7 Rd3 31. b4 Bxb4 32. Rxb6
Ba5 33. Rb7 Bd8 34. b4 Bf6 35. b5 Rd5 36. Rcc7 g5 37. Rxf7+ Kg6 38. Rf8 Kf5 39.
Rb6 Ke5 40. Rfxf6 Kd4 41. Rb8 Kc4 42. b6 Rb5 43. b7 h5 44. Rc8+ Kb4 45. b8=Q
1-0

[Event "Detroit (MOR/1a/67)"]
[Site "?"]
[Date "1992.??.??"]
[Round "?"]
[White "Mailing, Don"]
[Black "Shields, B."]
[Result "1-0"]
[WhiteElo "1605"]
[BlackElo "1605"]
[PlyCount "47"]
[EventDate "1992.??.??"]

1. d4 Nf6 2. c4 g6 3. Nc3 Bg7 4. Nf3 d6 5. Bg5 O-O 6. e3 Bf5 7. Bd3 Qc8 8. O-O
Re8 9. Re1 e6 10. h3 e5 11. Bxf6 Bxf6 12. Nd5 Bd8 13. e4 Bd7 14. Qd2 c6 15. Nc3
c5 16. dxc5 Qxc5 17. Nd5 Ba5 18. b4 Qc8 19. bxa5 Bxh3 20. Nf6+ Kf8 21. Nxe8 Qg4
22. Qg5 Qxg2+ 23. Qxg2 Bxg2 24. Kxg2 1-0

[Event "Detroit (MOR/3/68)"]
[Site "?"]
[Date "1992.??.??"]
[Round "?"]
[White "Mailing, Don"]
[Black "Mohammed, A."]
[Result "0-1"]
[WhiteElo "1605"]
[BlackElo "1775"]
[PlyCount "90"]
[EventDate "1992.??.??"]

{3/(68)} 1. d4 c5 2. c4 Nf6 3. Nf3 cxd4 4. Nxd4 a6 5. Nc3 e5 6. Nf3 e4 7. Nd4
Bb4 8. e3 Bxc3+ 9. bxc3 Qa5 10. Bd2 O-O 11. Be2 d6 12. O-O Nbd7 13. f3 Nc5 14.
Qc2 Bd7 15. Nb3 Qa4 16. Nd4 Qxc2 17. Nxc2 Bf5 18. Nd4 Bd7 19. Rad1 Ba4 20. Rc1
Rac8 21. Be1 d5 22. cxd5 Nxd5 23. Bd2 g6 24. c4 Nb6 25. Bb4 Rfe8 26. Rb1 Nd3
27. fxe4 Ne5 28. c5 Nbc4 29. Bxc4 Nxc4 30. Rbe1 Rxe4 31. Nf3 h6 32. Nd2 Nxd2
33. Bxd2 Rxc5 34. Rf4 Rxf4 35. exf4 Rc2 36. Bb4 Rxa2 37. Bd6 Bc6 38. g3 Rg2+
39. Kf1 Rxh2 40. g4 Rh1+ 41. Kf2 Rxe1 42. Kxe1 Bf3 43. g5 h5 44. Kf2 Bg4 45.
Bc7 b5 0-1

[Event "Detroit (MOR/6/83)"]
[Site "?"]
[Date "1992.??.??"]
[Round "?"]
[White "Mailing, Don"]
[Black "Gregg, Ted"]
[Result "1/2-1/2"]
[WhiteElo "1605"]
[BlackElo "1605"]
[PlyCount "113"]
[EventDate "1992.??.??"]

{6/(83)} 1. d4 d5 2. c4 e6 3. c5 c6 4. Nf3 Nd7 5. Bf4 Ngf6 6. e3 Be7 7. Bd3 O-O
8. O-O b6 9. b4 a5 10. b5 Bb7 11. Nc3 bxc5 12. a4 cxd4 13. exd4 c5 14. dxc5
Bxc5 15. Qc2 Rc8 16. Qb2 Qb6 17. Ne2 Ng4 18. Bg3 f6 19. h3 Nh6 20. Qd2 e5 21.
Bb1 Bb4 22. Qd1 d4 23. Nfxd4 exd4 24. Nxd4 Ne5 25. Nc2 Bc5 26. Ba2+ Kh8 27. Qe2
Nhf7 28. Rad1 Rfe8 29. Kh1 Rcd8 30. Rxd8 Rxd8 31. Ne3 Bxe3 32. Qxe3 Qxe3 33.
fxe3 Rd2 34. Rf2 Rxf2 35. Bxf2 Ng5 36. Kh2 Nd3 37. Bg3 Nc5 38. Bc7 Nxa4 39.
Bxa5 Nc5 40. Bb6 Nce4 41. Bd4 Nd6 42. b6 Ngf7 43. Kg3 Kg8 44. Kf2 Kf8 45. Bb1
f5 46. Bd3 g6 47. Be2 Ke7 48. g4 Ke6 49. gxf5+ Kxf5 50. Bg4+ Ke4 51. Bf3+ Kf5
52. Bg4+ Kg5 53. Kg3 Nf5+ 54. Kh2 Nxd4 55. exd4 Kh4 56. Be6 Nd6 57. d5 1/2-1/2

[Event "Detroit (MI Action/6)"]
[Site "?"]
[Date "1992.??.??"]
[Round "?"]
[White "Mailing, Don"]
[Black "Berry, M."]
[Result "0-1"]
[WhiteElo "1610"]
[BlackElo "1605"]
[PlyCount "96"]
[EventDate "1992.??.??"]

1. d4 d5 2. c4 Nf6 3. Nc3 e6 4. Nf3 Be7 5. Bf4 Nc6 6. e3 Na5 7. cxd5 exd5 8.
Ne5 Be6 9. Qa4+ c6 10. Bd3 Qb6 11. Qc2 Rc8 12. O-O O-O 13. Na4 Qd8 14. Nc5 Rc7
15. Bf5 Qc8 16. Bxe6 fxe6 17. b3 b6 18. Ncd3 c5 19. Qb2 c4 20. bxc4 dxc4 21.
Nxc4 Nxc4 22. Qe2 Bd6 23. Bxd6 Nxd6 24. Rac1 Rff7 25. f3 Rc4 26. Rxc4 Nxc4 27.
Rc1 b5 28. Nc5 Qc6 29. a4 a6 30. axb5 axb5 31. Ra1 Re7 32. Ra6 Qc7 33. Nxe6 Qc8
34. Nc5 Rxe3 35. Qa2 Rc3 36. Ra8 Qe8 37. Rxe8+ Nxe8 38. Qa8 Kf8 39. Ne6+ Kf7
40. Qd5 b4 41. Nd8+ Ke7 42. Nc6+ Kf8 43. Nxb4 Rc1+ 44. Kf2 Nd2 45. g3 Nf6 46.
Qd8+ Kf7 47. Qd6 Nfe4+ 48. fxe4 Nxe4+ 0-1

[Event "Detroit (MI Action/2)"]
[Site "?"]
[Date "1992.??.??"]
[Round "?"]
[White "Mailing, Don"]
[Black "Aldrich, Jeff"]
[Result "0-1"]
[WhiteElo "1610"]
[BlackElo "1945"]
[PlyCount "60"]
[EventDate "1992.??.??"]

1. d4 d5 2. c4 e6 3. Nc3 Nf6 4. Bg5 Nbd7 5. Nf3 c6 6. e3 Be7 7. Bd3 h6 8. Bh4
O-O 9. O-O dxc4 10. Bxc4 b5 11. Bb3 Bb7 12. Bc2 a5 13. a3 Re8 14. h3 b4 15.
axb4 axb4 16. Rxa8 Qxa8 17. Bxf6 Nxf6 18. Ne4 Rd8 19. Qe2 c5 20. Rd1 Bxe4 21.
Bxe4 Qxe4 22. b3 Nd5 23. dxc5 Rc8 24. Rc1 Nc3 25. Qe1 Bxc5 26. Nd2 Qd3 27. Nc4
Ne2+ 28. Kh1 Nxc1 29. Qxc1 Qxb3 30. Nd2 Qc3 0-1